000 00596nam a22002057a 4500
005 20220722150319.0
008 220722b ||||| |||| 00| 0 eng d
020 _a8171201768
040 _cAL
041 _aEnglish
082 _223
_a291.37
_bHARP
100 _aSwami Harshananda
_952768
245 _aPrincipal Symbols of World Religions
260 _aMysore
_bRamakrishna Institute of Moral and Spiritual Education
300 _a47 p.
_bPB
_c18.2x12 cm.
650 _aSymbolism
_952769
650 _aSigns and symbols
_952770
700 _aHARSHANANDA (Swami)
_952771
942 _2ddc
_cGF
999 _c224119
_d224119